000 00269nam a2200097 4500
999 _c521672
_d521672
100 _aGiri, Srimat Swmai Iswarananda
_935835
245 _aHaimavati :
_b A homage to the himalayan glory
250 _a1st
260 _aBangalore
_bSamvit Vikasa Kendra
_c1986
300 _a75p.